| 000 | 00550nam a2200181Ia 4500 | ||
|---|---|---|---|
| 003 | GCL | ||
| 008 | 140319s9999 xx 000 0 ara d | ||
| 040 |
_aGCL / _cGCL |
||
| 082 | 0 | 4 |
_a813.01 _bى ا |
| 100 | 1 | _aيوسف ادريس | |
| 245 | 1 | 0 |
_aانطباعات مستفزة / _cيوسف ادريس |
| 260 |
_aالقاهرة : _bمركز الاهرام للترجمة والنشر ، _c1986 |
||
| 300 |
_a151 ص ؛ _c24 سم |
||
| 490 | _a | ||
| 650 | 0 | 4 | _aالادب العربى |
| 650 | 0 | 4 | _aالمقالات العربية |
| 942 |
_2ddc _cBK |
||
| 999 |
_c30467 _d30467 |
||